000 00625nam a2200229Ia 4500
003 OSt
005 20221007075440.0
006 a|||||r|||| 00| 0
007 ta
008 221006b |||||||| |||| 00| 0 eng d
024 _a28,796
037 _cTextual
040 _aFLL
_cFLL
_beng
041 _2eng
_aeng
082 _aZ2,81, P6
100 _aSridhar Madabhushi
245 0 _aAlternative dispute resolution negotiation and mediation
260 _aNew Delhi
_bLexis Nexis India
_c2006
300 _axxx,404p
_ccm.
942 _hZ2,81, P6
_cTEXL
_2CC
999 _c1156126
_d1156126